000 00824cab a2200253 4500
001 ABS43286
008 090401t1990 xxu||||| |||| 00| 0 eng d
035 _a(Sirsi) u41220
041 _aeng
100 _aClark, B.P.
245 _aMurphy`s law
260 _c1990
350 _a0
490 _aCivil Engineering Surveyor
_v15(7) September 1990, 11-12(2)
520 _aExplains the background to the important HL decisions Murphy v Brentwood DC (See Abstract ) and DOE v Bates (See Abstract) and considers the issues left unresolved by the cases and their implications for the building industry .
650 _aBUILDING CONTROL
_96222
650 _aDEFECTS
650 _aLIABILITY
650 _aLOCAL AUTHORITIES
650 _aNEGLIGENCE
690 _aBUILT ENVIRONMENT
942 _n0
948 _c04/03/1997
999 _c26486
_d26486